[Event "2024 Autmn Major"]
[Site "?"]
[Date "2024.09.14"]
[Round "3.9"]
[White "Thompson, Chris"]
[Black "Thompson, George"]
[Result "1/2-1/2"]
[WhiteElo "1338"]
[BlackElo "1367"]
[PlyCount "99"]
[EventDate "2024.??.??"]
[SourceVersionDate "2024.09.18"]

1. d4 c6 2. Bf4 d5 3. e3 Bf5 4. Bd3 e6 5. Bxf5 exf5 6. Nf3 Bd6 7. Ne5 Nf6 8. Nd2 O-O 9. Ndf3 Nbd7 10. Nxd7 Qxd7 11. Ne5 Qe7 12. Bg5 Bxe5 13. dxe5 Qxe5 14. f4 Qxe3+ 15. Qe2 Ng4 16. Qxe3 Nxe3 17. Kd2 Nxg2 18. Rhg1 Nxf4 19. Bxf4 Rfe8 20. Rae1 Rxe1 21. Rxe1 a5 22. Re7 b5 23. Re1 a4 24. Be5 Re8 25. Rg1 Rxe5 26. a3 d4 27. Rg5 c5 28. c3 Rd5 29. cxd4 Rxd4+ 30. Ke3 Re4+ 31. Kf3 c4 32. Rxf5 Rd4 33. Rxb5 Rd3+ 34. Ke4 g6 35. Rb4 Rd2 36. Rxc4 Rxb2 37. Rxa4 Rxh2 38. Ke3 f5 39. Kd3 Rh3+ 40. Kc4 f4 41. Kd5 Kf7 42. Rxf4+ Ke7 43. Ke5 h5 44. Rf6 Rxa3 45. Rxg6 h4 46. Rh6 h3 47. Rh7+ Ke8 48. Rh8+ Ke7 49. Rh7+ Ke8 50. Rh8+ 1/2-1/2

[Event "2024 Autmn Major"]
[Site "?"]
[Date "2024.09.15"]
[Round "4.1"]
[White "Vesz, Marcell"]
[Black "Murthy, Arush"]
[Result "1-0"]
[WhiteElo "1541"]
[BlackElo "1579"]
[PlyCount "73"]
[EventDate "2024.??.??"]
[SourceVersionDate "2024.09.18"]

1. e4 d5 2. exd5 Nf6 3. d4 Nxd5 4. c4 Nb6 5. Nf3 g6 6. h3 Bg7 7. Nc3 O-O 8. Be2 Nc6 9. Be3 e5 10. d5 Ne7 11. Bg5 h6 12. Bh4 f5 13. c5 e4 14. d6 g5 15. Qb3+ Kh8 16. Nxg5 hxg5 17. Bxg5 cxd6 18. cxb6 axb6 19. O-O Bf6 20. Bf4 Ng6 21. Be3 Qe7 22. Nd5 Qg7 23. Nxf6 Qxf6 24. Qxb6 f4 25. Bd4 Ne5 26. f3 e3 27. Rfd1 Rg8 28. Bxe5 Qxe5 29. Rxd6 Rg7 30. Rh6+ Rh7 31. Qd8+ Kg7 32. Rxh7+ Kxh7 33. Bd3+ Kh6 34. Rc1 Qxb2 35. Qh4+ Kg7 36. Rc7+ Kf8 37. Qd8# 1-0

[Event "2024 Autmn Major"]
[Site "?"]
[Date "2024.09.15"]
[Round "4.2"]
[White "Zhuravlev, Andrei"]
[Black "Zheng, Lucas"]
[Result "0-1"]
[WhiteElo "1580"]
[BlackElo "1530"]
[PlyCount "66"]
[EventDate "2024.??.??"]
[SourceVersionDate "2024.09.18"]

1. e4 c5 2. Bc4 Nc6 3. Nc3 d6 4. d3 Nf6 5. Nf3 g6 6. Bf4 Bg7 7. Qd2 O-O 8. Bh6 Nh5 9. O-O Bg4 10. Bxg7 Nxg7 11. Qf4 Bxf3 12. Qxf3 Ne5 13. Qh3 e6 14. Ne2 Nh5 15. f4 Nxc4 16. dxc4 d5 17. cxd5 exd5 18. Rfd1 Qb6 19. exd5 Qxb2 20. Qd3 Qf6 21. Rf1 Rfe8 22. Rab1 b6 23. c4 Re7 24. d6 Rd7 25. Rbd1 Rad8 26. Qa3 Rxd6 27. Rxd6 Rxd6 28. Qxa7 Rd8 29. Qc7 Re8 30. Nc1 Qd4+ 31. Kh1 Qxc4 32. Rg1 Qd5 33. Qxb6 Ng3+ 0-1

[Event "2024 Autmn Major"]
[Site "?"]
[Date "2024.09.15"]
[Round "4.3"]
[White "Colcombe, Joshua"]
[Black "Holland, Wayne"]
[Result "0-1"]
[WhiteElo "1561"]
[BlackElo "1478"]
[PlyCount "120"]
[EventDate "2024.??.??"]
[SourceVersionDate "2024.09.18"]

1. d4 d5 2. e3 Nf6 3. Bd3 g6 4. c3 Bg7 5. f4 Nc6 6. Nd2 O-O 7. Ngf3 Ng4 8. Qe2 Bh6 9. h3 Nf6 10. O-O e6 11. Ne5 Re8 12. Qf3 Nd7 13. Qg3 Qf6 14. Ng4 Qg7 15. Qh4 Ne7 16. Qxh6 Qxh6 17. Nxh6+ Kg7 18. Ng4 f5 19. Ne5 b6 20. Bb5 Rd8 21. Nxd7 Bxd7 22. Bxd7 Rxd7 23. Nf3 h6 24. Ne5 Rd6 25. Bd2 Rad8 26. Be1 c5 27. Bh4 Re8 28. Rf3 Nc6 29. Re1 Nxe5 30. fxe5 Rc6 31. Bf6+ Kf7 32. Re2 h5 33. h4 a5 34. a4 Rb8 35. g4 Rg8 36. Rg3 fxg4 37. Rf2 Ke8 38. Rgg2 Rf8 39. Bg5 Rf5 40. Rxf5 gxf5 41. Kh2 Kd7 42. Kg3 Ke8 43. Kf4 Kf7 44. Bf6 Kg6 45. b3 Rc8 46. dxc5 Rxc5 47. Bd8 Rxc3 48. Bxb6 Rxb3 49. Bxa5 Ra3 50. Bd8 Rxa4+ 51. Kg3 d4 52. exd4 Rxd4 53. Bg5 Rd3+ 54. Kf2 Rd5 55. Bf4 Rd4 56. Ke3 Re4+ 57. Kd3 Rxf4 58. Ke3 Re4+ 59. Kf2 f4 60. Rg1 Rxe5 0-1

[Event "2024 Autmn Major"]
[Site "?"]
[Date "2024.09.15"]
[Round "4.4"]
[White "Chadwick, Donna"]
[Black "George, Naveen"]
[Result "0-1"]
[WhiteElo "1191"]
[BlackElo "1560"]
[PlyCount "68"]
[EventDate "2024.??.??"]
[SourceVersionDate "2024.09.18"]

1. d4 Nf6 2. c4 g6 3. Nc3 Bg7 4. e4 d6 5. f4 O-O 6. Nf3 c5 7. d5 e6 8. Be2 exd5 9. cxd5 Bg4 10. O-O Re8 11. Kh1 Nbd7 12. h3 Bxf3 13. Bxf3 Nb6 14. Qd3 Qd7 15. Bd2 Re7 16. Nd1 Rae8 17. Nf2 Qa4 18. Rfc1 Nfd7 19. Bd1 Qa6 20. Bb3 Bxb2 21. Rab1 Bxc1 22. Rxc1 Nf6 23. f5 Nxe4 24. Nxe4 Rxe4 25. fxg6 hxg6 26. Qc3 Nd7 27. Bh6 Ne5 28. Bc2 Rh4 29. Bg5 Rh5 30. Bf6 b6 31. Qg3 Qc4 32. Bxe5 Rexe5 33. Kh2 Rhg5 34. Qh4 Qxh4 0-1

[Event "2024 Autmn Major"]
[Site "?"]
[Date "2024.09.15"]
[Round "4.5"]
[White "Belochkin, David"]
[Black "Francis, William"]
[Result "1-0"]
[WhiteElo "1459"]
[BlackElo "1549"]
[PlyCount "99"]
[EventDate "2024.??.??"]
[SourceVersionDate "2024.09.18"]

1. d4 Nf6 2. Bf4 g6 3. Nf3 Bg7 4. e3 O-O 5. Nbd2 d6 6. e4 Nbd7 7. Bc4 c5 8. dxc5 Nxc5 9. e5 dxe5 10. Bxe5 Qb6 11. O-O Bf5 12. Nh4 Be6 13. Bxe6 Nxe6 14. Nhf3 Rfd8 15. Qe2 Rd7 16. Bc3 Rad8 17. Ne5 Rd5 18. Rad1 Nd4 19. Bxd4 Qxd4 20. Nec4 R5d7 21. h3 Qf4 22. b3 b5 23. Ne3 Qb4 24. Nf3 Bh6 25. Ne5 Rxd1 26. Rxd1 Rxd1+ 27. Qxd1 Qc5 28. N3g4 Nxg4 29. Nxg4 Bf4 30. Kf1 Qd6 31. Qxd6 Bxd6 32. Ke2 f5 33. Ne3 e6 34. Kd3 Be5 35. c4 a6 36. cxb5 axb5 37. Nc2 Bd6 38. Nd4 e5 39. Nxb5 Bc5 40. f3 Kf7 41. Kc4 Bf8 42. a4 Ke6 43. a5 Bd6 44. Nxd6 Kxd6 45. b4 Kc6 46. b5+ Kb7 47. a6+ Kb6 48. Kd5 e4 49. fxe4 fxe4 50. Kxe4 1-0

[Event "2024 Autmn Major"]
[Site "?"]
[Date "2024.09.15"]
[Round "4.6"]
[White "Popov, Constantine"]
[Black "Sarwar, Adam"]
[Result "0-1"]
[WhiteElo "1431"]
[BlackElo "1450"]
[PlyCount "52"]
[EventDate "2024.??.??"]
[SourceVersionDate "2024.09.18"]

1. e4 e5 2. f4 d5 3. exd5 exf4 4. Nf3 Nf6 5. d4 Qxd5 6. Nc3 Bb4 7. Bd2 Bxc3 8. bxc3 O-O 9. Bxf4 Qe4+ 10. Be2 Qxf4 11. O-O Qe3+ 12. Kh1 Qxc3 13. Bd3 Bg4 14. h3 Bh5 15. Rb1 Qc6 16. Bb5 Qd6 17. Bd3 b6 18. Qd2 Nc6 19. c3 Rfe8 20. Bc4 Ne4 21. Qd3 Ng3+ 22. Kg1 Nxf1 23. Rxf1 Bg6 24. Qd2 Qe7 25. Bb5 Qd6 26. d5 Qc5+ 0-1

[Event "2024 Autumn Major"]
[Site "?"]
[Date "2024.09.15"]
[Round "4.7"]
[White "Hill, Glyn"]
[Black "Williams, John"]
[Result "0-1"]
[WhiteElo "1449"]
[BlackElo "1595"]
[PlyCount "120"]
[EventDate "2024.??.??"]
[SourceVersionDate "2024.09.18"]

1. d4 d6 2. Bf4 Nf6 3. c3 c6 4. e3 Nbd7 5. Nf3 Qa5 6. Nbd2 e5 7. Bg3 e4 8. Nc4 Qd5 9. Ng1 Nh5 10. Nxd6+ Bxd6 11. Bxd6 Qxd6 12. Qxh5 Nf6 13. Qe5+ Qxe5 14. dxe5 Ng4 15. h3 Nxe5 16. O-O-O Be6 17. Rd4 f5 18. Kc2 Ke7 19. f3 c5 20. Ra4 Rhd8 21. fxe4 fxe4 22. Rxe4 Bf5 23. Bd3 Bxe4 24. Bxe4 Rab8 25. b3 Rf8 26. Nf3 Nxf3 27. gxf3 g6 28. f4 b6 29. h4 Rf6 30. Rg1 Re6 31. Bd5 Rxe3 32. Kd2 Rh3 33. Rg4 Rd8 34. c4 Kf6 35. Kc2 Kf5 36. Rg2 Rxh4 37. Rd2 Kxf4 38. Rf2+ Kg5 39. Rg2+ Rg4 40. Rd2 Rg3 41. Kb2 h5 42. Re2 Rd7 43. Re5+ Kf4 44. Re4+ Kg5 45. Re5+ Kh4 46. Re4+ Rg4 47. Re2 Rf4 48. Rh2+ Kg3 49. Rd2 Rf2 50. Kc2 Rxd2+ 51. Kxd2 Re7 52. Kd3 h4 53. Be4 Rxe4 54. Kxe4 h3 55. Kd3 h2 56. Kc2 h1=Q 57. Kb2 Qe1 58. Ka3 Qb4+ 59. Kb2 Kf3 60. a3 Qd2+ 0-1

[Event "2024 Autumn Major"]
[Site "?"]
[Date "2024.09.15"]
[Round "4.10"]
[White "Thompson, George"]
[Black "Francis, Emyr-Wyn"]
[Result "0-1"]
[WhiteElo "1367"]
[BlackElo "1350"]
[PlyCount "38"]
[EventDate "2024.??.??"]
[SourceVersionDate "2024.09.18"]

1. d4 g6 2. Bf4 Nf6 3. e3 Bg7 4. c3 O-O 5. Nf3 d6 6. g3 Bg4 7. Bg2 Nc6 8. O-O d5 9. Qc1 Qd7 10. e4 Nxe4 11. Bh6 Bh3 12. Bxg7 Kxg7 13. Nbd2 Nf6 14. Nb3 Nh5 15. Nc5 Qg4 16. Qd1 Bxg2 17. Kxg2 Nf4+ 18. Kg1 Qh3 19. Nxb7 Qg2# 0-1

[Event "2024 Autumn Major"]
[Site "?"]
[Date "2024.09.15"]
[Round "5.1"]
[White "Zheng, Lucas"]
[Black "Vesz, Marcell"]
[Result "1-0"]
[WhiteElo "1530"]
[BlackElo "1541"]
[PlyCount "121"]
[EventDate "2024.??.??"]
[SourceVersionDate "2024.09.18"]

1. e4 c5 2. Nf3 d6 3. d4 cxd4 4. Nxd4 Nf6 5. Nc3 Nc6 6. f3 Qb6 7. Nb3 g6 8. Bg5 Bg7 9. Qd2 O-O 10. O-O-O e6 11. g4 Ne5 12. Be2 Rd8 13. h4 d5 14. exd5 exd5 15. Bxf6 Qxf6 16. Nxd5 Qd6 17. Ne7+ Kf8 18. Nxg6+ hxg6 19. Qxd6+ Rxd6 20. Rxd6 Be6 21. Nc5 Bc4 22. Bxc4 Nxc4 23. Rd7 Bxb2+ 24. Kb1 Ba3 25. Ne4 Ne5 26. Rd5 Nxf3 27. Rd3 Nd2+ 28. Nxd2 Be7 29. Rd7 Ba3 30. Rf1 Re8 31. Rdxf7+ Kg8 32. h5 gxh5 33. gxh5 Re2 34. Nc4 Bc5 35. h6 b5 36. Na5 b4 37. Nc6 b3 38. axb3 Re6 39. Rg7+ Kh8 40. Nd8 Rxh6 41. Nf7+ Kxg7 42. Nxh6 Kxh6 43. Kb2 Kg5 44. Kc3 Kg4 45. Kc4 Bb6 46. Kb5 Kg3 47. c4 Be3 48. Rf7 Kg4 49. c5 Kg5 50. Rxa7 Kf6 51. Rd7 Ke6 52. c6 Bf4 53. b4 Bd6 54. Rxd6+ Kxd6 55. Kb6 Ke7 56. Kb7 Kd6 57. c7 Ke7 58. c8=Q Kf7 59. Qc6 Ke7 60. Ka7 Kd8 61. b5 1-0

[Event "2024 Autumn Major"]
[Site "?"]
[Date "2024.09.15"]
[Round "5.2"]
[White "Murthy, Arush"]
[Black "Belochkin, David"]
[Result "0-1"]
[WhiteElo "1579"]
[BlackElo "1459"]
[PlyCount "66"]
[EventDate "2024.??.??"]
[SourceVersionDate "2024.09.18"]

1. d4 d5 2. c4 c6 3. e3 Nf6 4. Nf3 Bf5 5. Qb3 Qc7 6. Nc3 e6 7. Bd2 Nbd7 8. Rc1 Ne4 9. cxd5 exd5 10. Nxd5 Qd6 11. Bb4 Qxd5 12. Bc4 Bxb4+ 13. Qxb4 Qd6 14. Qb3 O-O 15. Bd3 Ndf6 16. Qc2 Qb4+ 17. Ke2 Rfe8 18. h3 Bg6 19. a3 Qa5 20. g4 Ng5 21. Bxg6 hxg6 22. Ne5 Qb5+ 23. Ke1 Rxe5 24. f4 Rxe3+ 25. Kf2 Rf3+ 26. Kg2 Rxf4 27. Rhf1 Rxf1 28. Rxf1 Qd5+ 29. Kg3 Qxd4 30. Rd1 Qe3+ 31. Kg2 Qf3+ 32. Kg1 Nxh3+ 33. Kh2 Nxg4# 0-1

[Event "2024 Autumn Major"]
[Site "?"]
[Date "2024.09.15"]
[Round "5.3"]
[White "Holland, Wayne"]
[Black "George, Naveen"]
[Result "0-1"]
[WhiteElo "1478"]
[BlackElo "1560"]
[PlyCount "70"]
[EventDate "2024.??.??"]
[SourceVersionDate "2024.09.18"]

1. e4 c5 2. Nf3 d6 3. Bc4 Nf6 4. Nc3 a6 5. O-O b5 6. Be2 b4 7. Nd5 Nxe4 8. d3 Nf6 9. Nxf6+ exf6 10. Re1 Be7 11. d4 O-O 12. dxc5 dxc5 13. Bf4 Nc6 14. Be3 Bb7 15. Nd2 Qc7 16. Nb3 Rad8 17. Qc1 Ne5 18. Bf4 Qc6 19. f3 c4 20. Nd2 Ng6 21. Bg3 Bc5+ 22. Bf2 Bxf2+ 23. Kxf2 Rd4 24. c3 Rh4 25. Nf1 Re8 26. Kg1 Nf4 27. Bxc4 Nxg2 28. Rxe8+ Qxe8 29. Kxg2 Rxc4 30. Qd2 bxc3 31. bxc3 h6 32. Rb1 Bxf3+ 33. Kxf3 Qe4+ 34. Kf2 Qxb1 35. Qd8+ Kh7 0-1

[Event "2024 Autumn Major"]
[Site "?"]
[Date "2024.09.15"]
[Round "5.4"]
[White "Sarwar, Adam"]
[Black "Chadwick, Donna"]
[Result "1-0"]
[WhiteElo "1450"]
[BlackElo "1191"]
[PlyCount "141"]
[EventDate "2024.??.??"]
[SourceVersionDate "2024.09.18"]

1. e4 c5 2. Nf3 d6 3. d4 cxd4 4. Nxd4 Nf6 5. Nc3 g6 6. f4 Bg7 7. Be2 O-O 8. O-O Nbd7 9. Nb3 a6 10. Be3 b5 11. a3 Bb7 12. Bf3 Rc8 13. Qd3 Ne8 14. Rae1 e5 15. Bg4 Rc4 16. Bxd7 Qxd7 17. Na5 Rc8 18. Nxb7 Qxb7 19. Nd5 exf4 20. Bxf4 Rd8 21. Nc3 Nc7 22. Bg5 f6 23. Bf4 g5 24. Bg3 Ne6 25. Qd5 Qxd5 26. exd5 Nc5 27. Ne4 h5 28. Bxd6 Nxe4 29. Bxf8 Kxf8 30. Rxe4 Rxd5 31. Re2 f5 32. c3 Kf7 33. Kf2 Kf6 34. Ke1 a5 35. Rff2 g4 36. Rd2 Re5+ 37. Rfe2 Rc5 38. Rd6+ Kg5 39. Ra6 a4 40. Rd6 f4 41. Red2 Re5+ 42. Kf1 h4 43. R2d5 Kf5 44. Rxe5+ Bxe5 45. Rd5 Ke4 46. Rd7 f3 47. gxf3+ gxf3 48. Rh7 Bg3 49. h3 Kf4 50. Re7 Bh2 51. Rf7+ Kg3 52. Rf6 Kxh3 53. Rxf3+ Bg3 54. Kg1 Kg4 55. Rf6 h3 56. Rf7 h2+ 57. Kg2 Bd6 58. Rb7 Kh4 59. Rxb5 Kg4 60. Ra5 h1=Q+ 61. Kxh1 Kf3 62. Rxa4 Ke3 63. Rd4 Bc5 64. Rd7 Ke4 65. Kg2 Ke5 66. Kf3 Ke6 67. Rd1 Bd6 68. Ke2 Kd7 69. Kd2 Kc6 70. Kc2 Bc5 71. b4 1-0

[Event "2024 Autumn Major"]
[Site "?"]
[Date "2024.09.15"]
[Round "5.5"]
[White "Williams, John"]
[Black "Colcombe, Joshua"]
[Result "1-0"]
[WhiteElo "1595"]
[BlackElo "1561"]
[PlyCount "47"]
[EventDate "2024.??.??"]
[SourceVersionDate "2024.09.18"]

1. Nf3 d5 2. b3 Nf6 3. Bb2 c5 4. e3 Nc6 5. Bb5 Qc7 6. Ne5 Bd7 7. Nxd7 Qxd7 8. O-O e6 9. d4 Bd6 10. Nd2 O-O 11. Rc1 Rac8 12. f4 Qc7 13. Bd3 cxd4 14. Nf3 dxe3 15. Bxf6 gxf6 16. Nh4 f5 17. g4 Bxf4 18. gxf5 Bxh2+ 19. Kh1 Kh8 20. f6 Qg3 21. Qh5 Qg8 22. Kxh2 h6 23. Qxh6+ Qh7 24. Qxh7# 1-0

[Event "2024 Autumn Major"]
[Site "?"]
[Date "2024.09.15"]
[Round "5.6"]
[White "Francis, William"]
[Black "Zhuravlev, Andrei"]
[Result "0-1"]
[WhiteElo "1549"]
[BlackElo "1580"]
[PlyCount "24"]
[EventDate "2024.??.??"]
[SourceVersionDate "2024.09.18"]

1. d4 d5 2. c4 dxc4 3. e4 Nc6 4. Nf3 Bg4 5. d5 Ne5 6. Be2 Bxf3 7. Bxf3 Nxf3+ 8. Qxf3 Nf6 9. Nc3 g6 10. e5 Nd7 11. e6 Ne5 12. Qf4 Nd3+ 0-1

[Event "2024 Autumn Major"]
[Site "?"]
[Date "2024.09.15"]
[Round "5.7"]
[White "Burton, Henry"]
[Black "Popov, Constantine"]
[Result "1-0"]
[WhiteElo "1310"]
[BlackElo "1431"]
[PlyCount "33"]
[EventDate "2024.??.??"]
[SourceVersionDate "2024.09.18"]

1. d4 g6 2. e4 Bg7 3. Nf3 c5 4. Be3 Qa5+ 5. Nc3 Nc6 6. Bc4 Qb4 7. Bb3 cxd4 8. O-O dxc3 9. bxc3 Bxc3 10. Rb1 Qd6 11. Qe2 e6 12. Rfd1 Qc7 13. Qc4 Bg7 14. Nd4 Nge7 15. Nb5 Qd8 16. Bf4 e5 17. Qxf7# 1-0

[Event "2024 Autumn Major"]
[Site "?"]
[Date "2024.09.15"]
[Round "5.8"]
[White "Thompson, Chris"]
[Black "Hill, Glyn"]
[Result "1-0"]
[WhiteElo "1338"]
[BlackElo "1448"]
[PlyCount "121"]
[EventDate "2024.??.??"]
[SourceVersionDate "2024.09.18"]

1. d4 d5 2. Bf4 Bf5 3. e3 c6 4. Bd3 Bxd3 5. Qxd3 Qb6 6. b3 e6 7. Nf3 h6 8. Nbd2 f6 9. O-O Nd7 10. Qg6+ Ke7 11. Qd3 Kf7 12. Nh4 f5 13. Bg3 Ngf6 14. Nhf3 Ne4 15. Ne5+ Nxe5 16. Bxe5 Rd8 17. f3 Nf6 18. e4 Bd6 19. c4 Bxe5 20. c5 Bxh2+ 21. Kxh2 Qc7+ 22. Kg1 g6 23. e5 Nh5 24. g4 Nf4 25. Qe3 Nh3+ 26. Kg2 Ng5 27. Rh1 Qe7 28. f4 Ne4 29. Rh2 Nxd2 30. Qxd2 Rh7 31. Rah1 Rdh8 32. Qa5 a6 33. g5 Kg7 34. gxh6+ Rxh6 35. Qe1 Rxh2+ 36. Rxh2 Rxh2+ 37. Kxh2 Qd8 38. Kh3 Qh8+ 39. Qh4 g5 40. fxg5 f4 41. Qxh8+ Kxh8 42. Kg4 Kg7 43. Kxf4 Kg6 44. a4 Kh5 45. a5 Kg6 46. Kg4 Kg7 47. Kh5 Kh7 48. g6+ Kg7 49. Kg5 b6 50. cxb6 c5 51. b7 c4 52. bxc4 dxc4 53. b8=Q c3 54. Qc7+ Kg8 55. Qxc3 Kg7 56. Qc4 Kg8 57. Qxe6+ Kg7 58. d5 Kh8 59. d6 Kg7 60. d7 Kh8 61. d8=Q+ 1-0

[Event "2024 Autumn Major"]
[Site "?"]
[Date "2024.09.15"]
[Round "5.10"]
[White "Francis, Tomos"]
[Black "Thompson, George"]
[Result "0-1"]
[WhiteElo "1582"]
[BlackElo "1367"]
[PlyCount "100"]
[EventDate "2024.??.??"]
[SourceVersionDate "2024.09.18"]

1. e4 c6 2. d4 d5 3. f3 e6 4. Nc3 c5 5. Be3 Nc6 6. Qd3 c4 7. Qd2 Bb4 8. a3 Bxc3 9. Qxc3 b5 10. b3 Qa5 11. Qxa5 Nxa5 12. O-O-O a6 13. b4 Nb7 14. c3 Ne7 15. e5 O-O 16. g3 a5 17. Kb2 axb4 18. axb4 Bd7 19. f4 Nf5 20. Nf3 Nxe3 21. Re1 Nxf1 22. Rexf1 Ra7 23. Ra1 Rfa8 24. Rxa7 Rxa7 25. Ra1 Rxa1 26. Kxa1 f6 27. Kb2 fxe5 28. Nxe5 Be8 29. Kc2 Nd6 30. Kb2 Kf8 31. h4 Nf5 32. g4 Nxh4 33. g5 g6 34. Kc2 Kg7 35. Kd2 h6 36. Ke3 Nf5+ 37. Kf3 Nh4+ 38. Kg4 Nf5 39. Kf3 hxg5 40. fxg5 Nh4+ 41. Kg4 Nf5 42. Kf4 Ne7 43. Kg4 Nc6 44. Nxc6 Bxc6 45. Kf4 Kf7 46. Ke5 Ke7 47. Kf4 Kd6 48. Ke3 e5 49. Kd2 exd4 50. cxd4 Ke6 0-1